000 01055nam2a22002651 4500
001 RU\NLR\INFOCOMM15\1000137961
005 20250617125259.0
035 _a(NLR Aleph) 002612416
090 _a3542331
_c3542331
100 _a20040617d1882 |||y0rusy50 ca
101 0 _arus
102 _aRU
105 _ay |||||||||
200 1 _aБелокурые волосы
_fС. Фарина
210 _d1882
_aБ. м.
423 0 _12001#$aСеверный орел. (Начало)$fУйда
_1700#1$aУйда
_tСеверный орел. (Начало)
_aУйда
461 0 _1001RU\NLR\INFOCOMM15\1000137841
_12001#$aПереводы отдельных романов$eЕжемес. журн.$v1882, Янв.
_93070320
_cСПб.
_d1867-1887, 1890
_nЕ.Э. Лебедева
_oЕжемес. журн.
_tПереводы отдельных романов
_v1882, Янв.
700 1 _aФарина
_bС.
_4070
801 1 _aRU
_bInfoComm
_c20040617
801 0 _aRU
_bNLR
_gPSBO
852 _aNLR
_j3/2250
942 _cISSUE
980 _aNB
980 _aRUSPER